000 00652nam a22002417a 4500
003 UA-OsUOA
001 20360
007 ta
008 20031027b un ||||| |||| 00| 0 ukr d
090 _a911.3:30+911.3(477)(075)
_bС69
942 _cBK
040 _aUA-OsUOA
_bukr
_cUA-OsUOA
_dUA-OsUOA
245 _aСоціально-економічна географія України
_cО. І. Шаблій
300 _a680 с.
_bІлюстрації
955 _a2
041 _aukr
080 _a911.3:30+911.3(477)(075)
020 _a5-7773-0230-0
260 _aЛьвів
_bСвіт
_c2000
044 _aRU
650 7 _2UDC
999 _c306537
_d306537